00403 a2200109 4500001001000000005001700010008004100027245012000068100002100188773006700209999001700276ART_1206620260410161903.0260409a 10aSeveral efficient two-step estimators for the dynamic simultaneous equations model with autoregressive disturbances1 aHatanaka, Michio0 tJournal of econometricsg- Vol. 4, NÂș 2 (may. 1976)wREV11720 c26062d26062